Tout les pilotes français de Formule 1 - Statistiques

Statistiques générales
  • Ce quiz a été pris 158 fois
  • Le résultat moyen est 13 sur 74
Statistiques - réponses
Hint Réponse % Correct
111 GP / de 2016 à aujourd'hui / 1 victoire Ocon
95%
108 GP / 2017 - [...] / 1 victoire Gasly
94%
202 GP / de 1980 à 1993 / 51 victoires et 4x champion du monde Prost
90%
179 GP / de 2009 à 2020 / 0 victoire Grosjean
76%
202 GP / de 1989 à 2001 / 1 victoire Alesi
64%
34 GP / de 2013 à 2014 / 0 victoire Bianchi
57%
158 GP / de 1994 à 2004 / 1 victoire Panis
55%
58 GP / de 2012 à 2014 / 0 victoire Vergne
49%
180 GP / de 1974 à 1986 / 6 victoires Laffite
48%
165 GP / de 1978 à 1989 / 7 victoires Arnoux
43%
27 GP / de 2008 à 2009 / 0 victoire Bourdais
40%
55 GP / de 1974 à 1981 / 2 victoires Jabouille
40%
39 GP / de 2012 à 2013 / 0 victoire Pic
39%
72 GP / de 1978 à 1982 / 3 victoires Pironi
38%
47 GP / de 1970 à 1973 / 1 victoire Cevert
36%
88 GP / de 1967 à 1974 / 1 victoire Beltoise
35%
95 GP / de 1972 à 1980 / 2 victoires Depailler
33%
7 GP / 2006 / 0 victoire Montagny
33%
123 GP / de 1977 à 1986 / 2 victoires Tambay
31%
143 GP / de 1971 à 1983 / 0 victoire Jarier
19%
6 GP / de 1961 à 1964 / 0 victoire Comas
17%
64 GP / 1968 à 1976 / 0 victoire Pescarolo
16%
116 GP / de 1984 à 1994 / 0 victoire Alliot
15%
27 GP / de 1992 à 1993 / 0 victoire Belmondo
15%
53 GP / de 1952 à 1959 / 0 victoire Behra
13%
47 GP / de 1989 à 1994 / 0 victoire Bernard
12%
13 GP / de 1966 à 1967 / 0 victoire Ligier
12%
1 GP / 1999 / 0 victoire Sarrazin
12%
11 GP / 1995 / 0 victoire Bouillon
11%
25 GP / de 1994 à 1995 / 0 victoire Gachot
10%
2 GP / en 1983 et 1988 / 0 victoire J-L. Schlesser
9%
3 GP / de 1966 à 1968 / 0 victoire J. Schlesser
9%
38 GP / de 1950 à 1956 / 0 victoire Rosier
9%
55 GP / de 1984 à 1988 / 0 victoire Streiff
8%
49 GP / de 1987 à 1994 / 0 victoire Dalmas
6%
2 GP / 1974 / 0 victoire Larrousse
6%
13 GP / de 1967 à 1970 / 0 victoire Servoz-Gavin
6%
84 GP / de 1950 à 1964 / 2 victoires Tritignant
6%
9 GP / de 1993 à 1994 / 0 victoire Gounon
5%
62 GP / de 1989 à 1992 / 0 victoire Grouillard
5%
21 GP / de 1984 à 1985 / 0 victoire Hesnault
5%
1 GP / 1971 / 0 victoire Jean
4%
2 GP / 1994 / 0 victoire Lagorce
4%
17 GP / 1989 / 0 victoire Raphanel
4%
5 GP / 1979 / 0 victoire Gaillard
3%
6 GP / de 1950 à 1951 / 0 victoire Levegh
3%
12 GP / de 1961 à 1957 / 0 victoire Simon
3%
5 GP / 1950 / 0 victoire Sommer
3%
8 GP / de 1952 à 1956 / 0 victoire Bayol
2%
3 GP / de 1950 à 1951 / 0 victoire Chaboud
2%
3 GP /1974 / 0 victoire Dolhem
2%
12 GP / de 1950 à 1952 / 0 victoire Etancelin
2%
14 GP / 1987 / 0 victoire Fabre
2%
29 GP / de 1950 à 1956 / 0 victoire Manzon
2%
1 GP / 1952 / 0 victoire Balsa
1%
15 GP / de 1950 à 1953 / 0 victoire Giraud-cabantous
1%
1 GP / 1951 / 0 victoire Gordini
1%
1 GP / 1951 / 0 victoire Grignard
1%
1 GP / de 1958 / 0 victoire Guelfi
1%
1 GP / 1958 / 0 victoire La Caze
1%
3 GP / de 1950 à 1951 / 0 victoire Mairesse
1%
2 GP / 1950 / 0 victoire Martin
1%
1 GP / 1974 / 0 victoire Lafosse
0%
8 GP / de 1975 à 1976 / 0 victoire Leclère
0%
2 GP / de 1950 à 1951 / 0 victoire Louveau
0%
1 GP / 1954 / 0 victoire Loyer
0%
1 GP / 1955 / 0 victoire Lucas
0%
1 GP / 1959 / 0 victoire Lucienbonnet
0%
1 GP / 1971 / 0 victoire Mazet
0%
16 GP / de 1972 à 1975 / 0 victoire Migault
0%
1 GP / 1958 / 0 victoire Picard
0%
5 GP / de 1954 à 1955 / 0 victoire Pollet
0%
1 GP / 1950 / 0 victoire Pozzi
0%
1 GP / 1955 / 0 victoire Sparken
0%
Aucun quiz correspondant
Distribution des résultats
% des personnes avec chaque résultat
Percentile par nombre de réponses
Votre historique - résultats
Vous n’avez pas pris ce quiz